Journal of Communication Engineering and Systems (JoCES) (Record no. 10037)

MARC details
000 -LEADER
fixed length control field 00469nam a22001217a 4500
003 - CONTROL NUMBER IDENTIFIER
control field OSt
008 - FIXED-LENGTH DATA ELEMENTS--GENERAL INFORMATION
fixed length control field 201218b ||||| |||| 00| 0 eng d
245 ## - TITLE STATEMENT
Title Journal of Communication Engineering and Systems (JoCES)
250 ## - EDITION STATEMENT
Edition statement 2015(Jan-Apr Vol.5 No.1, May-Aug Vol.5 No.2, Sep-Dec Vol.5 No.3) 2016(Jan-Apr Vol.6 No.1, May-Aug Vol.6 No.2, Sep-Dec Vol.6 No.3)
260 ## - PUBLICATION, DISTRIBUTION, ETC. (IMPRINT)
Place of publication, distribution, etc Noida
Name of publisher, distributor, etc CELNET (STM Journals)
650 ## - SUBJECT ADDED ENTRY--TOPICAL TERM
Topical term or geographic name as entry element Electronic and Communication Engineering
942 ## - ADDED ENTRY ELEMENTS (KOHA)
Source of classification or shelving scheme Dewey Decimal Classification
Koha item type BOUND VOLUME
Holdings
Withdrawn status Lost status Source of classification or shelving scheme Materials specified (bound volume or other part) Damaged status Not for loan Collection code Home library Current library Date acquired Source of acquisition Serial Enumeration / chronologySerial Enumeration / Volume No. Total Checkouts Acc. no. / Barcode Date last seen Bill Date Koha item type
    Dewey Decimal Classification Bound Volume   Not For Loan B.Tech(ECE) PIET C-LIBRARY PIET C-LIBRARY 19/12/2020 CELNET (STM Journals) 2015(Jan-Apr Vol.5 No.1, May-Aug Vol.5 No.2, Sep-Dec Vol.5 No.3) 2016(Jan-Apr Vol.6 No.1, May-Aug Vol.6 No.2, Sep-Dec Vol.6 No.3)   BV775 19/12/2020 09/01/2015 BOUND VOLUME

Design & Developed by: PIET Central Library
R70 Miles Stone Pattikalyana Samalkha Panipat 132102
mail ID :- [email protected], Phone No:- 0180-2569700 Ex.216